000 01175nam a22002537a 4500
005 20110719142114.0
010 _aB-430710-711
020 _a8177693360
_c45.00
020 _a9788177693362
_c45.00
035 _aB-430710-711
037 _bAllied Publishers
082 _a615.53
100 _aRaman, B.V.
_930148
245 _aAyurveda :
_cby B.V.Raman
_bthe hindu system of medicine /
260 _aVaranasi
_bPilgrims Publishing
_c2005
270 _aB27/98, A-8, Nawabganj Road, Durga Kund,
_bVaranasi
_e91-542-2314060
300 _a31p.
_c15 cm ( pbk.)
700 _aLal, Niharika
_929703
710 _929663
942 _adpl
_cEN
_2ddc
_mRAM
_h615.53
999 _c54032
_d54032